|
|
แสดงรายละเอียดบรรณานุกรม |
|
|
Brief Record
: Get Marc (ISO 2709)
: E-mail record
: |
|
|
| LEADER 00000nam 2200000uu 4500 | |||
| 001 206169 | |||
| 003 ULIBM | |||
| 008 110624s2553||||th 000 0 tha d | |||
| 020 978-616-7243-30-6 | |||
| 060 0 นว บ675ส 2553. | |||
| 100 0 ^aบุษบาพาฝัน. | |||
| 245 00 ^aแสนร้าย : แสนรัก./^bบุษบาพาฝัน. | |||
| 260 ^aนนทบุรี : ^bภัทร์โญธิน อักษรศาสตร์,^c2553. | |||
| 300 ^aจำนวน 445 หน้า. | |||
| 650 0 ^aนวนิยายไทย. | |||
| 999 ^aใช้งานได้ทุกระบบ | |||
| คุณยังไม่ได้ล็อกอิน คุณสามารถมีกิจกรรมร่วมกับเว็บไซต์ได้ แต่ต้องล็อกอินก่อน :: |
|
| สถานะ | |||||||||
| 1. | นวนิยาย | นว บ675ส 2553 | On Shelf ขอยืม | ||||||
| 2. | นวนิยาย | นว บ675ส 2553 ฉ.2 | On Shelf ขอยืม | ||||||
| [แสดง 2/2 รายการ] | |||||||||
| รายการใกล้เคียง หัวเรื่อง [นวนิยายไทย.]
|
BibComment |
| คอมเมนท์ทรัพยากรรายการนี้ |
|
|